00484 2200181 4500001002100000005001500021008004100036020002200077035001900099041000700118082001400125090001500139100002300154245006000177260002800237300002300265650001400288INLIS00000000000645220241224113307241224||||||||| | ||| |||| || |  a978-602-9018-81-3 0010-1224006452 aen0 a658:00:00 a658 SUS p00 aSusatyo Herlambang00aPengantar Manajemen: Cara Mudah Memahami Ilmu Manajemen bGosyen Publishingc2013 axii,152 hlm.;20 cm 0amanajemen